Headway pronunciation : Intermediate
These exercises require reference to Headway intermediate student's book, page numbers of which are given. All other exercises can be done without reference to the student's book.
Đã lưu trong:
| Format: | Bog |
|---|---|
| Sprog: | Undetermined |
| Udgivet: |
New York
Oxford University Press
1990
|
| Fag: | |
| Tags: |
Tilføj Tag
Ingen Tags, Vær først til at tagge denne postø!
|
| Thư viện lưu trữ: | Trung tâm Học liệu Trường Đại học Cần Thơ |
|---|
| LEADER | 01022nam a2200217Ia 4500 | ||
|---|---|---|---|
| 001 | CTU_141197 | ||
| 008 | 210402s9999 xx 000 0 und d | ||
| 020 | |c 1.88 | ||
| 082 | |a 428.0071 | ||
| 082 | |b H432 | ||
| 245 | 0 | |a Headway pronunciation : | |
| 245 | 0 | |b Intermediate | |
| 245 | 0 | |c Sarah Cunningham, Bill Bowler | |
| 260 | |a New York | ||
| 260 | |b Oxford University Press | ||
| 260 | |c 1990 | ||
| 520 | |a These exercises require reference to Headway intermediate student's book, page numbers of which are given. All other exercises can be done without reference to the student's book. | ||
| 650 | |a English language,English language,Listening,Tiếng anh | ||
| 650 | |x Spoken english,Problems, exercises, etc,Textbooks for foreign speakers,Problems, exercises, etc,Nói tiếng anh,Những vấn đề, bài tập | ||
| 904 | |i Năm, H.Mai chuyển số PL về 428.0071 dùng cho cả bộ, mã hóa cutter theo tên sách | ||
| 980 | |a Trung tâm Học liệu Trường Đại học Cần Thơ | ||